000 00510nam a2200157Ia 4500
008 090124s9999 xx 000 0 und d
082 _b106099
245 _a तिरंदाज आणि इतर लोककथा
250 _a1
260 _c1957
300 _a74
630 _a तिरंदाज आणि इतर लोककथा
700 _aपवार गणपत खंडेराव
730 _a तिरंदाज आणि इतर लोककथा
942 _cBOOK
999 _c152190
_d152190